All 5k+ cities in Missouri on a map - Statistics

General Stats
  • This quiz has been taken 5 times
  • The average score is 58 of 130
Answers on the Map
Answers color-coded by a green-red scale on the quiz's map according to % correct below.
 
Answer Stats
City Population % Correct
Blue Springs 58,603
100%
Chesterfield 49,999
100%
Columbia 126,254
100%
Florissant 52,533
100%
Jefferson City 43,228
100%
Joplin 51,762
100%
Kansas City 508,090
100%
Lee's Summit 101,108
100%
O'Fallon 91,316
100%
Springfield 169,176
100%
St. Charles 70,493
100%
St. Joseph 72,473
100%
St. Louis 301,578
100%
Branson 12,638
75%
Cape Girardeau 39,540
75%
Farmington 18,217
75%
Ferguson 18,527
75%
Hannibal 17,108
75%
Independence 123,011
75%
Lake St. Louis 16,707
75%
Mexico 11,469
75%
Poplar Bluff 16,225
75%
St. Peters 57,732
75%
Town and Country 11,640
75%
Union 12,348
75%
University City 35,065
75%
Wentzville 44,372
75%
West Plains 12,184
75%
Arnold 20,858
50%
Aurora 7,219
50%
Ballwin 31,103
50%
Bolivar 10,679
50%
Boonville 7,964
50%
Chillicothe 9,107
50%
Crestwood 12,404
50%
Creve Coeur 18,834
50%
Dardenne Prairie 12,743
50%
Eureka 11,646
50%
Excelsior Springs 10,553
50%
Fulton 12,600
50%
Gladstone 27,063
50%
Hazelwood 25,548
50%
Jackson 15,481
50%
Kirksville 17,530
50%
Lebanon 15,013
50%
Maryland Heights 28,284
50%
Moberly 13,783
50%
Neosho 12,590
50%
Nevada 8,212
50%
Nixa 23,257
50%
Ozark 21,284
50%
Pacific 7,414
50%
Richmond 6,013
50%
Rolla 19,943
50%
Salem 5,005
50%
Sedalia 21,725
50%
Sikeston 16,291
50%
St. Robert 5,192
50%
Sullivan 6,906
50%
Warrensburg 20,313
50%
Washington 14,500
50%
Waynesville 5,406
50%
Battlefield 5,990
25%
Bellefontaine Neighbors 10,740
25%
Belton 23,953
25%
Berkeley 8,228
25%
Black Jack 6,634
25%
Bonne Terre 6,903
25%
Brentwood 8,233
25%
Bridgeton 11,445
25%
Cameron 8,513
25%
Carl Junction 8,143
25%
Carthage 15,522
25%
Caruthersville 5,562
25%
Charleston 5,056
25%
Clayton 17,355
25%
Clinton 9,174
25%
Cottleville 5,611
25%
De Soto 6,449
25%
Des Peres 9,193
25%
Dexter 7,927
25%
Ellisville 9,985
25%
Festus 12,706
25%
Glendale 6,176
25%
Grain Valley 15,627
25%
Grandview 26,209
25%
Greenwood 6,021
25%
Harrisonville 10,121
25%
Jennings 12,895
25%
Kearney 10,404
25%
Kennett 10,515
25%
Kirkwood 29,461
25%
Ladue 8,989
25%
Liberty 30,167
25%
Macon 5,457
25%
Manchester 18,333
25%
Maplewood 8,269
25%
Marshall 13,806
25%
Marshfield 7,458
25%
Maryville 10,633
25%
Monett 9,576
25%
Oak Grove 8,157
25%
Odessa 5,593
25%
Olivette 8,504
25%
Overland 15,955
25%
Park Hills 8,587
25%
Parkville 7,117
25%
Peculiar 5,621
25%
Perryville 8,555
25%
Pevely 6,026
25%
Pleasant Hill 8,777
25%
Raymore 22,941
25%
Raytown 30,012
25%
Republic 18,750
25%
Richmond Heights 9,286
25%
Savannah 5,069
25%
Shrewsbury 6,406
25%
Smithville 10,406
25%
St. Ann 13,019
25%
Sunset Hills 9,198
25%
Trenton 5,609
25%
Troy 12,686
25%
Valley Park 6,885
25%
Warrenton 8,429
25%
Webb City 13,031
25%
Webster Groves 24,010
25%
Weldon Spring 5,326
25%
Wildwood 35,417
25%
Willard 6,344
25%
St. John 6,643
0%
No matching quizzes found
Score Distribution
Percent of People with Each Score
Percentile by Number Answered
Your Score History
You have not taken this quiz